00306nam a2200121Ia 4500008004100000041001200041082001600053100001600069245004400085260003800129300001000167650000700177221030s9999 xx 000 0 und d aEnglish a105.23bGup aJ. B. Gupta 0aQuestion Bank in Electrical Engineering bS. K. Kataria & SonsaDelhic1997 a14.32 aEE